000 00441nam a2200169Ia 4500
008 180921t2014 xxu||||| |||| 00| 0 sin d
041 _asin
080 _aX8C3
_b(Youth) SAM
100 _aSamaradiwakara, Kanti
245 _aලුණු නැති මුහුද
246 _aLunu Nati Muhuda
260 _bGodage
_aColombo
_c2014
300 _a252p, 21cm
942 _cBK
999 _c12092
_d12092
003 LK-CoDNM
040 _aLK-CoDNM
_dLK-CoDNM
_eLK-CoDNM